000 00699nam a2200241Ia 4500
003 OSt
005 20220918223439.0
006 a|||||r|||| 00| 0
007 ta
008 220917b |||||||| |||| 00| 0 eng d
024 _a222,678
037 _cTextual
040 _aARTS
_cARTS
_beng
041 _2eng
_aeng
082 _aV6:19(zM), N9
100 _aEllis Stephen
_9145754
245 0 _aMask of anarchy
_b the destriction of Libearia and the religious dimensions of an African civil war
260 _aLondon
_bHurst and company
_c1999
300 _axix,350p.
_ccm.
650 _aHISTORY
942 _hV6:19(zM), N9
_cTEXL
_2CC
999 _c278479
_d278479